| 000 | 00621nam a2200205 a 4500 | ||
|---|---|---|---|
| 001 | 29801 | ||
| 005 | 20180713232918.0 | ||
| 008 | 140415s1992 mx 000 0 spa d | ||
| 020 | _a9686000990 | ||
| 041 | _aspa | ||
| 082 |
_a658.8 _bDUA |
||
| 100 | 1 | _aDUAILIBI HARRYSIMONSEN, ROBERTO | |
| 245 | 1 | 0 |
_aCREATIVIDAD Y MARKETING : _bEL LIBRO QUE CONTIENE LA REGLA HEUROLINGUISTICA |
| 250 | _a1ª EDICIÒN | ||
| 260 |
_aMEXICO : _bMC GRAW HILL, _c1992 |
||
| 300 |
_a129 _c15 x 1 x 23 |
||
| 650 | 1 | 4 | _aCREATIVIDAD |
| 700 | 1 |
_aSALAMANCA DE SANTAMARIA, CONSUELO _etr. |
|
| 740 | _aCRIATIVIDADE Y MARKETING | ||
| 999 |
_c29801 _d29801 |
||